000 00524ntaaa2200205 4500
003 01
005 20251027202737.0
008 0714s1973 ag 01
040 _aAR-BaBN
_bspa
_cAR-BaBN
_eaacr
_dRIC
082 _a745.5000 M56
100 _aMestroni, Valentín
_927468
245 _aTrabajo manual
250 _a1 ed.
260 _aBuenos Aires :
_bEditorial Kapelusz,
_cc1959
300 _a217 p
650 _amanualidades
650 _aeducación-manualidades
_927469
700 _aMestroni, Lino
_927470
942 _cBK
999 _c22698
_d22698